| 000 | 00627nam a2200205Ia 4500 | ||
|---|---|---|---|
| 003 | IN-BaIIA | ||
| 008 | 211028s9999 xx 000 0 eng d | ||
| 020 | _a0-07-005493 | ||
| 040 | _cIIA Library | ||
| 080 |
_a530.145 _bBJO |
||
| 100 |
_aBjorken, J. D. _95150 |
||
| 245 | 0 |
_aRelativistic quantum mechanics _cJ. D. Bjorken and S. D. Drell |
|
| 260 |
_aNew York _bAcademic Press _c1964 |
||
| 300 | _ax, 300p. | ||
| 490 | _aInternational series in pure and applies physics | ||
| 650 | _aNASA Thesaurus | ||
| 650 | _aQuantum mechanics | ||
| 700 |
_aDrell, S. D. _95151 |
||
| 942 | _cBK | ||
| 999 |
_c2885 _d2885 |
||